|
|
|
|
| LEADER |
00000cam a2200000 7i4500 |
| 001 |
0000003994 |
| 005 |
20130815.0 |
| 020 |
0 |
0 |
|a 9789679269611
|
| 090 |
0 |
0 |
|a 634.97376309595
|b PAN M 2008
|
| 245 |
0 |
0 |
|a Panduan penanaman pokok bakau dan spesies-spesies sesuai di pesisiran pantai negara
|
| 260 |
0 |
0 |
|a Kula Lumpur :
|b Jabatan Perhutanan Semenanjung Malaysia ,
|c 2008
|
| 300 |
|
|
|a v. 45 p. :
|b ill.col. ;
|c 21 cm.
|
| 500 |
0 |
0 |
|a Includes bibiography
|
| 650 |
0 |
0 |
|a Mangrove conservation
|z Malaysia
|
| 650 |
0 |
0 |
|a Mangrove forests
|z Malaysia
|
| 650 |
0 |
0 |
|a Mangrove plants
|z Malaysia
|
| 998 |
|
|
|a JPSM
|
| 999 |
|
|
|a 007805
|b Monograph
|c Open Shelf
|e Default branch
|